Statistiques concernant ONE PIECE - tous les persos présentés dans le manga avant ellipse

Cliquez ici pour prendre le quiz!

Statistiques générales

  • Ce quiz a été pris 63 fois
    (31 depuis la dernière actualisation)
  • Le résultat moyen est 103 sur 351

Statistiques - réponses

HintRéponse% Correct
musicienBrook
100%
charpentierFranky
100%
capitaineMonkey D. Luffy
100%
navigatriceNami
100%
archéologueNico Robin
100%
vice-capitaineRoronoa Zoro
100%
cuisinierSanji Vinsmoke
100%
médecinTony-Tony Chopper
100%
tireur d'éliteUsopp
100%
capitaineGol D. Roger
91%
majordomeMerry
91%
2nd navireThousand Sunny
91%
1er navireVogue Merry
91%
timonierJinbei
86%
capitaineShanks
86%
leader/empereurBaggy
82%
co-leaderCrocodile
82%
co-leaderDracule Mihawk
82%
lieutenantYasopp
82%
vice-capitaineSilvers Rayleigh
77%
capitaineArlong
73%
commandant de la 1ère flotteMarco
73%
vice-amiralMonke D. Garp
73%
officierAlvida
68%
capitaine pirateA.O.
68%
amiralDon Krieg
68%
capitaineEdward Newgate
68%
colonelKoby
68%
capitaineKuro
68%
lieutenantLucky Roo
68%
commandant de la 2e flottePortgas D. Ace
68%
chef d'état-majorSabo
68%
amiral en chefSakazuki Akainu
68%
ancien amiral en chefSengoku
68%
vice-amiralSmoker
68%
chef cuisinierZeff
68%
ancienne marineBelmer
64%
impératriceBoa Hancock
64%
amiralBorsalino Kizaru
64%
médecinCrocus
64%
chef des brigandsCurly Dadan
64%
capitaineDon Quichote Doflamingo
64%
officierGaldino
64%
commandant de la 10e flotteKuzan Aokiji
64%
capitaine/empereurMarshall D. Teach
64%
commandant suprêmeMonke D. Dragon
64%
princesseNefertari D. Vivi
64%
capitaineTrafalgar D. Water Law
64%
officier (anciennement)Bartholomew Kuma
59%
vice-capitaineBen Beckmann
59%
reine de Newcomer LandBentham
59%
officierDaz Boness
59%
chefEner
59%
capitaineEustass Kid
59%
capitaineFoxy
59%
commandantHermep
59%
ami de ZoroJohnny
59%
cuisinierOcty
59%
roiWapol
59%
agent spécialBabe
55%
actuel capitaine des géantsBroggy
55%
actuel capitaine des géantsDorey
55%
capitaineGecko Moria
55%
agent spécialGem
55%
vice-capitaineGyn
55%
vice-directeurMagellan
55%
roiNefertari D. Cobra
55%
commandant de l'armée royalePell
55%
3 mystérieuxPerona
55%
animal de compagnieRichie
55%
officierRob Lucci
55%
nouveau venueRockstar
55%
colonelTashigi
55%
enfantCarotte
50%
ancien docteur/charlatanHiluluk
50%
assassinKaku
50%
super-canardKaloo
50%
riche héritièreKaya
50%
animal de Grand LineMeuh-Meuh
50%
colonel (destitué)Morgan
50%
3 mystérieux (décédé)Absalom
45%
allié/membreBellamy
45%
officierCabaji
45%
souverainDolton
45%
commandant armée GEmporio Ivankov
45%
maireIcebarg
45%
commandantJango
45%
assassinKalifa
45%
agent spécialMikita
45%
officierMorge
45%
agent des frontièresMr 7
45%
agent des frontièresMr 9
45%
soeur adoptive de NamiNojiko
45%
enfantOignon
45%
enfantPiment
45%
général zombie (samouraï)Ryuma Shimotsuki
45%
pirateSmack
45%
charpentier de légendeTom
45%
3 mystérieuxHogback
41%
cheffe de gareKokoro
41%
apprenti épéisteKuina Shimotsuki
41%
animal de compagnieLaboon
41%
capitaine pirateLittle Oz Junior
41%
tenancièreMakino
41%
explorateurMontblanc Norland
41%
zombie spécialOz
41%
commandant du 2e bataillonPearl
41%
lieutenantScopper Gaban
41%
capitaineX-Drake
41%
ami de ZoroYosaku
41%
capitaineBasil Hawkins
36%
assassinBlueno
36%
serveuseCamie
36%
capitaineCapone Bege
36%
capitaineJewelry Bonney
36%
chef de l'armée rebelle (avant)Koza
36%
docteresse royaleKureha
36%
agent des frontièresMr 11
36%
unluckiesMr 13
36%
archéologueNico Olvia
36%
prélatOm
36%
étoile de merPappag
36%
charpentiers/vice-directeurPauly
36%
assassin/ancien commandantSpandam
36%
guerrièreSweet Pea
36%
capitaineUrouge
36%
chef des guerriersWiper
36%
vice-capitaineBepo
32%
animal de compagnieChouchou
32%
commandantFullbody
32%
maireGenzo
32%
bandit des montagnesHiguma
32%
vice-commandant GInazuma
32%
commandant de la 3e flotteJoz
32%
vice-capitaineKiller
32%
gêolier bestialMino-Koala
32%
cuisinierPatty
32%
vice-amiralTsuru
32%
gardien du navireBuchi
27%
capitaineCharlotte Laura
27%
archéologue/professeurClover
27%
villageoiseConis
27%
ravisseur (avant)Duval
27%
contre-amiralHina
27%
commandant de la 1ère flotteJesus Burgess
27%
grand guerrier (décédé)Kalgara
27%
square sisterKiwi
27%
général zombieLaura
27%
chefMacro
27%
agent des frontièresMiss Monday
27%
commandant en chefMontblanc Cricket
27%
femmePortgas D. Rouge
27%
capitaineScratchmen Apoo
27%
tenancière/ancienne impératriceShakuyaku
27%
gardien du navireSham
27%
commandant de la 2e flotteShiliew
27%
commandant de la 5e flotteVista
27%
gardienne de la porteAmazon
23%
capitaine pirateBluejam
23%
soeur gorgoneBoa Marigold
23%
soeur gorgoneBoa Sandersonia
23%
cuisinierCarne
23%
commandant de la 6e flotteCatarina Devon
23%
saintCharloss
23%
commandant de la 9e flotteDoc Q
23%
agent spécialDrophy
23%
animal-armeFunkfreed
23%
dieuGan forr
23%
vice-amiral (décédé)Haguar D. Sauro
23%
directeurHannyabal
23%
maire de fuschiaHoop Slap
23%
capitaine de la garde royaleIgaram
23%
commandant de la 16e flotteIzo
23%
assassinJabura
23%
pirate/ancien esclaveJean Bart
23%
commandant de la 5e flotteLafitte
23%
guerrièreMargaret
23%
agent spécialMarianne
23%
unluckiesMiss Friday
23%
vice-amiralMomonga
23%
agent spécialPaula
23%
officierPorche
23%
chef des gardesSadi
23%
prélatSatori
23%
garde du corps de VegapunkSentomaru
23%
commandant (anciennement)Spandine
23%
commandant de la 4e flotteAvalo Pizzaro
18%
guerrierBraham
18%
commandant de la garde royaleChaka
18%
zombie servanteCindry
18%
ancienne impératriceGloriosa
18%
héros/botanisteHéracles
18%
chef d'état-majorKong
18%
maître du dojoKoshiro Shimotsuki
18%
guerrièreLaki
18%
gêolier bestialMinotaure
18%
agent des frontièresMiss Fathersday
18%
pirateOimo
18%
monture de dieuPierre
18%
lieutenantPorchemy
18%
goroseiSaint Marcus Mars
18%
commandant de la 8e flotteSanjuan Wolf
18%
capitaine pirateSquardo
18%
roiStelly
18%
vice-amiral (décédé)T-Bone
18%
commandant de la 4e flotteThatch
18%
villageois de YubaToto
18%
chef de la gardeYama
18%
villageoiseAisa
14%
pirate/groggy monsterBig Pan
14%
maireBoodle
14%
chef de gare (le dimanche)Chimney
14%
vice-amiralDalmatian
14%
assassinFukuro
14%
assassinKumadori
14%
vice-capitaineKuroobi
14%
ancienne reineNefertari D. Lili
14%
colonel (destitué)Nezumi
14%
villageoisPagaya
14%
goroseiSaint Ethanabron V. Nusjuro
14%
goroseiSaint Jaygarcia Saturn
14%
vice-capitaineSarquiss
14%
animal de compagnieStronger
14%
commandant de la 7e flotteVasco Shot
14%
assassinWanze
14%
capitaineYorki
14%
guerrièreAphelandra
9%
vice-amiralBastille
9%
officier (supposition)Bogard
9%
contre-amiralBrandnew
9%
vendeur d'esclavesDisco
9%
vice-amiralDoberman
9%
brigandDogra
9%
prélatGedatsu
9%
animal de compagnieHattori
9%
pirateKaashi
9%
guerrierKamakiri
9%
vice-amiralKomir
9%
zombie sauvageKumacy
9%
chameauLongs-Cils
9%
brigandMagra
9%
leaderMasira
9%
gêolier bestialMino-Zebre
9%
square sisterMozu
9%
commandant de la 8e flotteNamur
9%
assassinNero
9%
vice-amiralOnigumo
9%
civileRika
9%
capitaineRoshio
9%
saintRoswald
9%
goroseiSaint Sheperd Ju Peter
9%
goroseiSaint Topman Warcury
9%
animal de compagnieSalome
9%
colonelSharinguru
9%
chevalShelly
9%
leaderShojo
9%
colonelShu
9%
gardien du niveau 2Sphinx
9%
vice-amiralStainless
9%
vice-amiralStrawberry
9%
couturière/cuisinière royaleTerracotta
9%
chef charpentierTilestone
9%
colonelVerygood
9%
vice-amiralYamakaji
9%
animal de compagnieYokozuna
9%
garde tsumegeriArrow
5%
commandant de la 13e flotteAtmos
5%
garde tsumegeriBarrel
5%
second gardien du niveau 2Basilic
5%
chef du tribunalBaskerville
5%
docteurBelladonna
5%
commandant de la 6e flotteBlamenco
5%
commandant de la 9e flotteBlenheim
5%
pirate/guerrièreBlue Fan
5%
chef de la tribuChef
5%
ancien lieutenant de WapolChess
5%
zombie sauvage (sanji)Chien-manchot
5%
agentCorgi
5%
pirate/guerrièreCosmos
5%
commandant de la 10e flotteCuriel
5%
pirate/guerrièreDaisy
5%
ancien capitaine (décédé)Devil Dias
5%
capitaine pirateDoma
5%
gardienne en chefDomino
5%
femme de chambreEnishida
5%
pirate/magicienFaust
5%
commandant de la 15e flotteFossa
5%
piratesFrères Riskys
5%
gardienGaimont
5%
guerrierGenbo
5%
transporteurGomorrhe
5%
animal de conpagnieGonbei
5%
pirateGyaro
5%
officierHamburg
5%
commandant de la 12e flotteHaruta
5%
pirateHeat
5%
zombie messagerHildon
5%
animal de compagnieHoly
5%
lieutenant de la gardeHotori
5%
vendeur de sabreIppon Matsu
5%
saintJalmack
5%
assassinJerry
5%
général zombie (zoro)Jigoro
5%
vice-amiralJohn Giant
5%
contre-amiralKadar
5%
pirateKapoty
5%
guerrièreKikyo
5%
reineKinderella
5%
commandant de la 11e flotteKingdew
5%
lieutenant de la gardeKotori
5%
ancien lieutenant de WapolKuromarimo
5%
vice-amiralLacroix
5%
ancien capitaine (libéré)Lacuba
5%
animal-armeLassou
5%
maître de cérémonieLombric
5%
vice-amiralLonz
5%
capitaine pirateMcGuy
5%
capitaine des bérets blancsMcKinley
5%
capitaineMikazuki
5%
gêolier bestialMino-Rhinocéros
5%
animal de compagnie/pirateMonda
5%
prêtresse (décédée)Mousse
5%
reine (décédée)Nefertari D. Titi
5%
maître des cieuxNola
5%
chef charpentierPeeply Lulu
5%
piratePenguin
5%
ravisseurPeterman
5%
pirate/groggy monsterPickles
5%
contre-amiralPuding-Puding
5%
commandant de la 7e flotteRakuyo
5%
pirate/guerrièreRan
5%
pirate/guerrièreRindo
5%
capitaine des bluegoriesSaldeath
5%
guerrier (décédé)Seto
5%
pirateShachi
5%
sainteSharlia
5%
prélatShura
5%
transporteurSodome
5%
commandant de la 14e flotteSpeed Jilly
5%
charpentierStansen
5%
pirateTansui
5%
général zombieTararan
5%
nomadeTonjit
5%
commandant de la 3e flotteVan Augure
5%
capitaine pirateWhitey Bay
5%
pirateWire
5%
chef/charpentierZanbai
5%
garde tsumegeriBrahm
0%
capitaine pirateFrères Decalvans
0%
garde tsumegeriHyota
0%
commandantRipper
0%

Distribution des résultats

Percentile par nombre de réponses

% des personnes avec chaque résultat

Votre développement - résultats

Vous n’avez pas pris ce quiz depuis la dernière actualisation